00330pab a2200133 454500008004000000100002400040245005200064260000900116300001300125362000800138650002200146650001200168773001600180180718b2012 xxu||||| |||| 00| 0 eng d aMohapatra, Amiya K. aRural housing: The core of rural infrastructure c2012 ap.36-41. aOct aRural development aHousing aKurukshetra